| 000 | 01562nam0a2200385 4500 | ||
|---|---|---|---|
| 001 | RU\NLR\bibl\1169466 | ||
| 005 | 20260405071955.0 | ||
| 010 |
_a5-222-08882-0 _95000 |
||
| 021 |
_aRU _b2007-76741 _94131 |
||
| 035 | _a(nilc)EL/0000108044 | ||
| 035 | _aROSTOV\BIBL\0000011839 | ||
| 035 | _a(NLR Aleph) 001156162 | ||
| 090 |
_a1508484 _c1508484 |
||
| 100 | _a20070209d2006 |||y0rusy50 ca | ||
| 101 | 0 | _arus | |
| 102 | _aRU | ||
| 105 | _ay z ||||| | ||
| 200 | 1 |
_aОбыск: основания и порядок производства _eнаучно-практическое руководство _fА.П. Рыжаков |
|
| 210 |
_aРостов-на-Дону _cФеникс _d2006 |
||
| 215 |
_a145 с. _d20 |
||
| 225 | 1 | _aБиблиотека юриста | |
| 320 | _aБиблиогр.: с. 128-140 | ||
| 606 | 1 |
_aОбыск _jПрактические пособия _xПроизводство _xУголовно-процессуальные вопросы _yРоссийская Федерация _92456851 _3RU\NLR\auth\661460262 |
|
| 610 | 0 | _aОбыски | |
| 610 | 0 | _aПроведение | |
| 610 | 0 | _aРоссийская Федерация | |
| 686 |
_a67.629.42 _vLBC/RL _2rubbk |
||
| 686 | _aХ629.372.207.16я7 | ||
| 700 | 1 |
_4070 _8rus _7ca _aРыжаков _bА.П. _gАлександр Петрович _3RU\NLR\auth\7718628 _91704 |
|
| 801 | 0 |
_aRU _bДонская ГПБ _c20070209 _gRCR |
|
| 801 | 1 |
_aRU _bДонская ГПБ _c20070209 _2rusmarc |
|
| 801 | 2 |
_aRU _bNLR _c20071218 _grcr |
|
| 942 | _cBOOK | ||
| 980 | _aNB | ||